logo

Bir Sreshtho Munshi Abdur Rouf Library
Jhenaidah Cadet College

CLIMATOLOGY / (Record no. 4134)

MARC details
000 -LEADER
fixed length control field 00635nam a2200241 a 4500
001 - CONTROL NUMBER
JCCL Control Number 4133
003 - CONTROL NUMBER IDENTIFIER
JCCL marc code BD-JhCC
005 - DATE AND TIME OF LATEST TRANSACTION
control field 20171123175102.0
008 - FIXED-LENGTH DATA ELEMENTS--GENERAL INFORMATION
fixed length control field 171123s19311953enka|||| ||a| 001 0 eng d
020 ## - INTERNATIONAL STANDARD BOOK NUMBER
International Standard Book Number 416312306
035 ## - SYSTEM CONTROL NUMBER
system control number (BD-JhCC)4133
040 ## - CATALOGING SOURCE
Original cataloging agency BD-JhCC
Modifying agency BD-JhCC
041 ## - LANGUAGE CODE
Language code of Book eng
082 ## - DEWEY DECIMAL CLASSIFICATION NUMBER
Classification number 551.6
Author mark and Year MIL 1931
100 ## - MAIN ENTRY--PERSONAL NAME
Personal name MILLER, A. AUSTIN
245 ## - TITLE STATEMENT
Title CLIMATOLOGY /
Statement of responsibility, etc A. AUSTIN MILLER
260 ## - PUBLICATION, DISTRIBUTION, ETC. (IMPRINT)
Place of publication, distribution, etc London :
Name of publisher, distributor, etc Methuen & Co Ltd,
Date of publication, distribution, etc 1931.
300 ## - PHYSICAL DESCRIPTION
Pagination 320 p. :
Dimensions 21 cm.
Other physical details illu;
650 ## - SUBJECT ADDED ENTRY--TOPICAL TERM
Topical term or geographic name as entry element Climatology
700 ## - ADDED ENTRY--PERSONAL NAME
Personal name Gunning, Thomas G.
Fuller form of name Thomas G. Gunning; Jo M Stanchfield
942 ## - ADDED ENTRY ELEMENTS (KOHA)
Source of classification or shelving scheme Dewey Decimal Classification
Koha item type Books
Holdings
Source of classification or shelving scheme Damaged status Not for loan Home library Current library Shelving location Date of accession Cost, normal purchase price Total Checkouts Full call number Barcode Date last seen Copy number Koha item type
Dewey Decimal Classification     JCC Rouf Library JCC Rouf Library General Stacks 11/24/2017 38.50   551.6 MIL 1931 5805 11/23/2017 C-1 Books

JCC Library | Contacts | JCC Home

Last Update on 23 September 2017
Copyright @ 2017-2020 JCC Rouf Library
Rouf Library, Jhenidah Cadet College (JCC), Bangladesh